I Wojna Światowa - strony konfliktu - Statystyki

Ogólne statystyki
  • Ten quiz został rozwiązany 68 razy
  • Średni wynik to 20 z 29
Statystyki odpowiedzi
Strona Daty w których uczestniczyli w wojnie Uczestnicy wojny % Poprawnych
Państwa Centralne 1914-1918 Cesarstwo Niemieckie / Niemcy
97%
Ententa 1914-1918 Francja
97%
Ententa 1914-1918 Wielka Brytania
97%
Państwa Centralne 1914-1918 Austro-Węgry / Austria
95%
Ententa 1914-1917 Imperium Rosyjskie / Rosja
95%
Ententa 1917 Republika Rosyjska / Rosja
95%
Ententa 1917-1918 Stany Zjednoczone
94%
Ententa 1914-1918 Serbia
92%
Ententa 1915-1918 Włochy
92%
Ententa 1914-1918 Japonia
89%
Państwa Centralne 1915-1918 Bułgaria
85%
Państwa Centralne 1914-1918 Imperium Osmańskie
79%
Ententa 1916-1918 Rumunia
79%
Ententa 1914-1918 Kanada
77%
Ententa 1914-1918 Australia
73%
Ententa 1914-1918 Belgia
73%
Ententa 1917-1918 Chiny
71%
Ententa 1917-1918 Grecja
71%
Ententa 1914-1918 Czarnogóra
69%
Ententa 1916-1918 Portugalia
61%
Ententa 1917-1918 Brazylia
60%
Ententa 1914-1918 Nowa Zelandia
55%
Ententa 1914-1918 Sułtanat Egiptu / Egipt
53%
Ententa 1914-1918 Południowa Afryka / Związek Południowej Afryki / ZPA
52%
Ententa 1914-1918 Indie Brytyjskie
23%
Ententa 1917-1918 Syjam / Tajlandia
23%
Ententa 1914-1918 Dominium Nowej Fundlandii / Nowa Fundlandia
13%
Ententa 1916-1917 Królestwo Hidżazu / Hidżaz
6%
Ententa 1914-1918 Cejlon Brytyjski / Cejlon
0%
Nie znaleziono quizów pasujących do podanych kryteriów
Rozkład punktacji
Procent ludzi z każdym wynikiem
Percentyl według liczby udzielonych odpowiedzi
Twoja historia wyników
Nie rozwiązałeś tego quizu